<?xml version="1.0" encoding="UTF-8"?>
<record
    xmlns:xsi="http://www.w3.org/2001/XMLSchema-instance"
    xsi:schemaLocation="http://www.loc.gov/MARC21/slim http://www.loc.gov/standards/marcxml/schema/MARC21slim.xsd"
    xmlns="http://www.loc.gov/MARC21/slim">

  <leader>00611nam a2200169Ia 4500</leader>
  <controlfield tag="008">180921t2015    xxu||||| |||| 00| 0 sin d</controlfield>
  <datafield tag="041" ind1=" " ind2=" ">
    <subfield code="a">sin</subfield>
  </datafield>
  <datafield tag="080" ind1=" " ind2=" ">
    <subfield code="a">294.3</subfield>
    <subfield code="b">BRA</subfield>
  </datafield>
  <datafield tag="100" ind1=" " ind2=" ">
    <subfield code="a"> Samarasingha Gunasekara</subfield>
    <subfield code="e">tr.</subfield>
  </datafield>
  <datafield tag="245" ind1=" " ind2=" ">
    <subfield code="a">&#xDAF;&#xDD4;&#xD9A;&#xDA7; &#xDB4;&#xDAD;&#xDCA; &#xDC4;&#xDD2;&#xDAD;&#xDC0;&#xDAD;&#xDD9;&#xD9A;&#xDD4;&#xD9C;&#xDDA; &#xDAF;&#xDD4;&#xD9A;&#xDDA;&#xDAF;&#xDD3; &#xDB4;&#xDD2;&#xDC4;&#xDD2;&#xDA7; &#xDC0;&#xDB1;&#xDCA;&#xDB1;&#xDDA; &#xD9A;&#xDD9;&#xDC3;&#xDDA;&#xDAF;? &#xDC3;&#xDC4; &#xDAD;&#xDC0;&#xDAD;&#xDCA; &#xDAF;&#xDDA;&#xDC1;&#xDB1;</subfield>
  </datafield>
  <datafield tag="246" ind1=" " ind2=" ">
    <subfield code="a">Dukata Path Hithawathekuge Dukedi Pihita Wanne Keseda? Saha Thawath Deshana</subfield>
  </datafield>
  <datafield tag="260" ind1=" " ind2=" ">
    <subfield code="b">Sunera</subfield>
    <subfield code="a">Nugegoda</subfield>
    <subfield code="c">2015</subfield>
  </datafield>
  <datafield tag="300" ind1=" " ind2=" ">
    <subfield code="b">128p, 22cm</subfield>
  </datafield>
  <datafield tag="942" ind1=" " ind2=" ">
    <subfield code="c">BK</subfield>
  </datafield>
  <datafield tag="952" ind1=" " ind2=" ">
    <subfield code="0">0</subfield>
    <subfield code="1">0</subfield>
    <subfield code="4">0</subfield>
    <subfield code="7">0</subfield>
    <subfield code="8">MONO</subfield>
    <subfield code="a">MAIN</subfield>
    <subfield code="b">MAIN</subfield>
    <subfield code="d">2017-10-27</subfield>
    <subfield code="o">294.3 BRA</subfield>
    <subfield code="p">163235</subfield>
    <subfield code="r">2023-06-01</subfield>
    <subfield code="w">2023-06-01</subfield>
    <subfield code="y">BK</subfield>
  </datafield>
  <datafield tag="999" ind1=" " ind2=" ">
    <subfield code="c">834</subfield>
    <subfield code="d">834</subfield>
  </datafield>
  <controlfield tag="003">LK-CoDNM</controlfield>
  <datafield tag="040" ind1=" " ind2=" ">
    <subfield code="a">LK-CoDNM</subfield>
    <subfield code="d">LK-CoDNM</subfield>
    <subfield code="e">LK-CoDNM</subfield>
  </datafield>
</record>
